00646nam a22002057a 450000500170000000800410001702000180005804000210007604100080009708200160010524500860012125000120020726000460021930000100026565000390027570000330031470000310034770000320037870000300041020220930131030.0220531b ||||| |||| 00| 0 eng d a9789394095083 aIN-DiNCcIN-DiNC dasm a370.54bPRA aPrak swadhinkalar Bharatbarshar shikshabybastha/cby Daisy Rani Chutia and others a1st ed. aDibrugarh:bMahaveer publications,c2022. a219p. aEducation in pre independant India aHatibaruah, Monsoon eauthor aChutia, Daisy Ranieauthor aBorchetia, Bidisha eauthor aBorah, Gitanjali eauthor